Máquina de hacer libritos. (Registro nro. 2557)
[ vista simple ]
| 000 -LEADER | |
|---|---|
| fixed length control field | 01734nam a2200205 a 4500 |
| 008 - CAMPO DE CONTROL (LIBRO) | |
| fixed length control field | 161215t2016 ag |||g ||| 001 p spa d |
| 020 ## - INTERNATIONAL STANDARD BOOK NUMBER | |
| ISBN | 9789874603555 |
| 041 ## - CODIGO DE IDIOMA | |
| Código de idioma del texto/pista de sonido o título separado | spa |
| 092 ## - SIGNATURA TOPOGRAFICA DEWEY LOCAL | |
| número de clasificación | 808 |
| libristica | 53 |
| sección | MOS |
| 100 1# - ENTRADA PRINCIPAL--NOMBRE PERSONAL | |
| Nombre personal | Moscardi, Matías |
| 9 (RLIN) | 3315 |
| 245 ## - TITULO PROPIAMENTE DICHO | |
| Título | Máquina de hacer libritos. |
| Subtítulo y Título paralelo | Poesía argentina y editoriales independientes en la década de los noventa / |
| Mención de responsabilidad y remanente de la transcripción de la portada | Matías Moscardi |
| 250 ## - MENCION DE EDICION | |
| Mención de edición | 1a ed. |
| 260 ## - PIE DE IMPRENTA | |
| Lugar de publicación, distribución, etc | Mar del Plata: |
| Nombre de la editorial, distribuidor, etc | Puente Aéreo Ediciones; |
| Fecha de publicación | 2016. |
| 300 ## - DESCRIPCION FISICA | |
| Extension | 336 p. |
| Dimensiones | 14x20 cm. |
| 500 ## - NOTA GENERAL | |
| Nota general | Moscardi, M. (2016). La máquina de hacer libritos. Poesía Argentina y editoriales independientes en la década de los noventa. (1a ed.). Buenos Aires : Puente Aéreo Ediciones. |
| 505 ## - NOTA DE CONTENIDO | |
| Nota de contenido formateada | Parece una fantasía, pero en Argentina se juntan dos o tres poetas y nace una nueva editorial. Las voces se multiplican, se confunden y la máquina de libros no para de girar...Papeles impresos que el viento lleva de acá para allá, tapas de colores, o en blanco y negro (el viento no lee ni entiende nada, sólo sabe pasar las hojas), pero con este libro puntual y necesario de Matías Moscardi tal vez aprenda, como un niño haciendo puntas de pie junto a una vieja impresora, cómo fue la historia de las editoriales que inventaron una nueva forma de darle vida a la poesía y a la edición de una época dura. Aquí están todos los héroes de la edición independiente, hablando de cómo fue lo que pasó. Moscardi analiza, yuxtapone, describe y ordena con una prosa que mucho le debe a sus ejercicio de poeta y pone a girar la máquina de la poesía, de la felicidad, otra vez. |
| 590 ## - NOTAS LOCALES (RLIN) | |
| Nota local | Proyecto 4to libro. Donación Fondo Nacional de las Artes, Noviembre 2017. |
| 655 ## - MATERIA - GENERO/FORMA | |
| Género/Forma | Literatura |
| -- | 2917 |
| 942 ## - ADDED ENTRY ELEMENTS (KOHA) | |
| Source of classification or shelving scheme | Dewey Decimal Classification |
| Item type | LITERATURA |
| Estado de retiro | Existencia | Fuente de clasificación | Estado general | No para prestamo | Ubicación permanente | ubicación actual | Sala de ubicación | Fecha de adquisición | Fuente de adquisición | Total Checkouts | Número de clasificación | Código de barras | Date last seen | Número de ejemplar | Price effective from | Koha tipo de elemento (item) | Public note |
|---|---|---|---|---|---|---|---|---|---|---|---|---|---|---|---|---|---|
| Dewey Decimal Classification | Biblioteca Medicina | Biblioteca Medicina | Circulación | 03/11/2017 | Proyecto Literatura 4to libro. Donación Fondo Nacional de las Artes, Noviembre 2017. | 808 53 MOS | 4001 | 03/11/2017 | Ej. 1 | 03/11/2017 | LITERATURA | Proyecto Literatura 4to libro. Donación Fondo Nacional de las Artes, Noviembre 2017. |